Statistics for General History Quiz

Click here to take the quiz!

General Stats

  • This quiz has been taken 101 times
  • The average score is 7 of 15

Answer Stats

HintAnswer% Correct
How many wives did Henry VIII have?6
90%
What was the nickname of King Louis XIV?The Sun King
80%
Who was the Prime Minister of Italy between 1922-1943?Benito Mussolini
75%
Who became President of the USA after Franklin D. Roosevelt?Harry Truman
74%
Name of the WWI peace treaty?Treaty of Versailles
74%
What deadly pandemic swept the world from 1918-1920?Spanish Influenza
69%
The Hundred Years War was fought between what two countries?France and England
66%
What "Big Three" conference happened February 4th, 1945?Yalta Conference
54%
Nickname of Ronald Reagans Stragtegic Defense Initiative (SDI) program?Star Wars
38%
Who was the first Prime Minister of India?Jawaharlal Nehru
33%
June Fourth Incident, 1989, happened where?China, Tiananmen Square
23%
Who assassinated Jean-Paul Marat in 1793?Charlotte Corday
11%
During the Cold War, who wrote the "Long Telegram?"George Kennan
3%
What are the East German traffic light men called?Ampelmann
1%
Who is arguably the reason the 'Red Scare' reignited in Canada in 1945?Igor Gouzenko
1%

Score Distribution

Percentile by Number Answered

Percent of People with Each Score

Your Score History

You have not taken this quiz